Text book of hydraulic machines (Record no. 10732)

000 -LEADER
fixed length control field 00441nam a22001817a 4500
001 - CONTROL NUMBER
control field 10732
003 - CONTROL NUMBER IDENTIFIER
control field BD-DhUET
008 - FIXED-LENGTH DATA ELEMENTS--GENERAL INFORMATION
fixed length control field 150209b xxu||||| |||| 00| 0 eng d
040 ## - CATALOGING SOURCE
Transcribing agency 0
Modifying agency BD-DhUET
082 ## - DEWEY DECIMAL CLASSIFICATION NUMBER
Classification number 621.2
Item number KHU/1985
100 ## - MAIN ENTRY--PERSONAL NAME
Personal name Khurmi, R. S.
245 ## - TITLE STATEMENT
Title Text book of hydraulic machines
250 ## - EDITION STATEMENT
Edition statement 14th ed.
260 ## - PUBLICATION, DISTRIBUTION, ETC. (IMPRINT)
Place of publication, distribution, etc. New Delhi
Name of publisher, distributor, etc. S. Chand
Date of publication, distribution, etc. 1985
300 ## - PHYSICAL DESCRIPTION
Extent vii, v.p.
Other physical details ill.
650 #0 - SUBJECT ADDED ENTRY--TOPICAL TERM
Topical term or geographic name as entry element Hydraulic Machines
942 ## - ADDED ENTRY ELEMENTS (KOHA)
Koha item type General Book
Holdings
Koha date last seen Koha full call number Price effective from Not for loan Piece designation (barcode) Shelving location Koha normalized classification for sorting Sublocation or collection (holding branch) Lost status Withdrawn status Copy number Koha item type Damaged status Source of classification or shelving scheme Location (home branch) Date acquired
2015-02-09621.2/KHU/19852015-02-09 64129Circulation section621_200000000000000_KHU_1985Central Library, BUET  1General Book  Central Library, BUET2015-02-09
2015-02-09621.2/KHU/19852015-02-09 64154Circulation section621_200000000000000_KHU_1985Central Library, BUET  2General Book  Central Library, BUET2015-02-09
2015-02-09621.2/KHU/19852015-02-09 64142Circulation section621_200000000000000_KHU_1985Central Library, BUET  3General Book  Central Library, BUET2015-02-09
2015-02-09621.2/KHU/19852015-02-09 56685Circulation section621_200000000000000_KHU_1985Central Library, BUET  4General Book  Central Library, BUET2015-02-09
2015-06-22621.2/KHU/19852015-02-09 64155Circulation section621_200000000000000_KHU_1985Central Library, BUET  5General Book  Central Library, BUET2015-02-09
2015-02-09621.2/KHU/19852015-02-09 64132Circulation section621_200000000000000_KHU_1985Central Library, BUET  6General Book  Central Library, BUET2015-02-09
2015-02-09621.2/KHU/19852015-02-09 64136Circulation section621_200000000000000_KHU_1985Central Library, BUET  7General Book  Central Library, BUET2015-02-09
2015-02-09621.2/KHU/19852015-02-09 64153Circulation section621_200000000000000_KHU_1985Central Library, BUET  8General Book  Central Library, BUET2015-02-09
2015-02-09621.2/KHU/19852015-02-09 64134Circulation section621_200000000000000_KHU_1985Central Library, BUET  9General Book  Central Library, BUET2015-02-09
2015-02-09621.2/KHU/19852015-02-09 64150Circulation section621_200000000000000_KHU_1985Central Library, BUET  10General Book  Central Library, BUET2015-02-09
2015-02-09621.2/KHU/19852015-02-09 64137Circulation section621_200000000000000_KHU_1985Central Library, BUET  11General Book  Central Library, BUET2015-02-09
2015-02-09621.2/KHU/19852015-02-09 64139Circulation section621_200000000000000_KHU_1985Central Library, BUET  12General Book  Central Library, BUET2015-02-09